Aktuelle Deutsche Politiker (2021) - Statistiken

Allgemein
  • Dieses Quiz wurde 750 mal gespielt
  • Das Durchschnittsergebnis liegt bei 8 aus 16
Antwortstatistiken
Bildquiz Antwort % Korrekt
Tino Chrupalla
82%
Lars Klingbeil
70%
Norbert Röttgen
65%
Renate Künast
63%
Boris Palmer
61%
Dorothee Bär
61%
Paul Ziemiak
60%
Petra Pau
59%
Thomas Kemmerich
54%
Rolf Mützenich
42%
Linda Teuteberg
36%
Ilse Aigner
28%
Nicola Beer
27%
Albrecht Glaser
25%
Ralph Brinkhaus
24%
Thorsten Schäfer-Gümbel
24%
Keine übereinstimmenden Quizze gefunden
Verteilung der Resultate
Anzahl Personen mit jedem Resultat
Perzentil nach korrekt beantworteten Fragen
Ihre Resultats-Entwicklung
Sie haben dieses Quiz noch nicht gespielt